| 000 | 00756nam a2200217Ii 4500 | ||
|---|---|---|---|
| 003 | JO-AjNU | ||
| 008 | 230605s9999||||xx |||||||||||||| ||und|| | ||
| 017 | _a2010/12/4741 | ||
| 040 |
_aJO-AjNU _bara _erda _cJO-AjNU |
||
| 041 | _aara | ||
| 050 | 1 | 4 | _aPJ7619 2011 |
| 100 | 3 |
_aتأليف السعدي، عيسى إبراهيم, _eauthor _950537 |
|
| 245 | 0 | 0 | _aأبو فراس الحمداني "شاعر الروميات" |
| 250 | _aط1 | ||
| 264 | 3 | 1 | _aعمان:دار المعتز للنشر والتوزيع،2011 |
| 300 | _a178ص | ||
| 336 |
_atext _btxt _2rdacontent |
||
| 337 |
_aunmediated _bn _2rdamedia |
||
| 338 |
_avolume _bnc _2rdacarrier |
||
| 650 | 4 |
_aالنقد الأدبي - التحليل الأدبي - الأدب العربي _950538 |
|
| 999 |
_aA22268 _c25836 _d25836 |
||